[Event "6eme Open d'Echecs de Saint-Chely d'Aub"]
[Site "Saint-Chely d'Aubrac (12)"]
[Date "2006.07.15"]
[Round "1.2"]
[White "Lefebvre, Stephane"]
[Black "Karpatchev, Aleksandr"]
[Result "0-1"]
[WhiteElo "1810"]
[BlackElo "2533"]
[PlyCount "48"]

1. e4 e5 2. d4 exd4 3. c3 d5 4. exd5 Qxd5 5. cxd4 Nc6 6. Nf3 Bb4+ 7. Nc3 Bg4 8.
Be2 Bxf3 9. Bxf3 Qc4 10. Bxc6+ bxc6 11. Qe2+ Qxe2+ 12. Kxe2 O-O-O 13. Be3 Ne7
14. Rhd1 Rhe8 15. Rac1 Nf5 16. Kf3 Rd6 17. a3 Ba5 18. Na4 Bb6 19. Nxb6+ axb6
20. Kf4 Nxe3 21. fxe3 Rf6+ 22. Kg4 Re4+ 23. Kg3 Rxe3+ 24. Kg4 Re2 0-1

[Event "6eme Open d'Echecs de Saint-Chely d'Aub"]
[Site "Saint-Chely d'Aubrac (12)"]
[Date "????.??.??"]
[Round "1.3"]
[White "Meijers, Viesturs"]
[Black "Gipouloux, Laurent"]
[Result "1-0"]
[WhiteElo "2474"]
[BlackElo "1806"]
[PlyCount "61"]

1. e4 e5 2. Nf3 Nc6 3. Bb5 a6 4. Bxc6 dxc6 5. O-O f6 6. d4 Bg4 7. c3 Bd6 8. Be3
Ne7 9. Nbd2 Ng6 10. h3 Be6 11. dxe5 Nxe5 12. Nd4 Qd7 13. Nxe6 Qxe6 14. f4 Nf7
15. Qb3 Qxb3 16. axb3 O-O-O 17. b4 Rd7 18. Kf2 Rhd8 19. Kf3 g5 20. g3 h6 21.
Nb3 Nh8 22. Bd4 Rf8 23. Nc5 Bxc5 24. bxc5 Ng6 25. Rad1 Rfd8 26. Kg4 Re8 27. f5
Ne5+ 28. Bxe5 fxe5 29. Rxd7 Kxd7 30. f6 Ke6 31. f7 1-0

[Event "6eme Open d'Echecs de Saint-Chely d'Aub"]
[Site "Saint-Chely d'Aubrac (12)"]
[Date "2006.07.15"]
[Round "1.5"]
[White "Riff, Jean-Noel"]
[Black "Weck, Myriam"]
[Result "1-0"]
[WhiteElo "2444"]
[BlackElo "1803"]
[PlyCount "45"]

1. e4 b6 2. d4 Bb7 3. Bd3 e6 4. Nf3 c5 5. c3 d5 6. Nbd2 h6 7. Ne5 Nf6 8. exd5
Qxd5 9. Qa4+ Nbd7 10. Nxd7 Bc6 11. Nxf6+ gxf6 12. Bb5 Bxb5 13. Qxb5+ Kd8 14.
Nf3 Bd6 15. dxc5 bxc5 16. Be3 Rb8 17. Qa5+ Ke8 18. Qa4+ Ke7 19. Rd1 Qb7 20. O-O
Rhg8 21. Rxd6 Qxf3 22. Qd7+ Kf8 23. Bxh6+ 1-0

[Event "6eme Open d'Echecs de Saint-Chely d'Aub"]
[Site "Saint-Chely d'Aubrac (12)"]
[Date "2006.07.15"]
[Round "1.6"]
[White "Lengert, Vincent"]
[Black "Mullon, Jean-Baptiste"]
[Result "0-1"]
[WhiteElo "1786"]
[BlackElo "2375"]
[PlyCount "34"]

1. e4 e6 2. Nf3 c5 3. Nc3 a6 4. d3 Nc6 5. Ne2 Nf6 6. h3 d5 7. Bg5 dxe4 8. Bxf6
Qxf6 9. dxe4 Qxb2 10. Nd2 Nb4 11. Rc1 b5 12. Nb3 Bb7 13. a3 Rd8 14. Nd2 Qxa3
15. Ng3 Bd6 16. c3 Na2 17. Ra1 Bf4 0-1

[Event "6eme Open d'Echecs de Saint-Chely d'Aub"]
[Site "Saint-Chely d'Aubrac (12)"]
[Date "2006.07.15"]
[Round "1.8"]
[White "Maurand, Sylvain"]
[Black "Riff, Vincent"]
[Result "0-1"]
[WhiteElo "1760"]
[BlackElo "2328"]
[PlyCount "24"]

1. e4 c5 2. Nf3 Nc6 3. d4 cxd4 4. Nxd4 e5 5. Nf3 Nf6 6. Nc3 Bb4 7. Bd2 Bxc3 8.
Bxc3 Nxe4 9. Nxe5 Nxe5 10. Bxe5 Qa5+ 11. c3 Qxe5 12. Qe2 Qe6 0-1

[Event "6eme Open d'Echecs de Saint-Chely d'Aub"]
[Site "Saint-Chely d'Aubrac (12)"]
[Date "2006.07.15"]
[Round "1.9"]
[White "Boudre, Jean-Pierre"]
[Black "Marie, Olivier"]
[Result "1-0"]
[WhiteElo "2315"]
[BlackElo "1750"]
[PlyCount "65"]

1. e4 Nf6 2. e5 Nd5 3. d4 d6 4. c4 Nb6 5. f4 Bf5 6. Nc3 e6 7. Nf3 Be7 8. Be3
Nc6 9. Be2 Qd7 10. O-O h6 11. exd6 cxd6 12. d5 Nb4 13. Nd4 exd5 14. a3 Nc6 15.
cxd5 Nxd4 16. Bxd4 O-O 17. Rc1 Bd8 18. Rf3 f6 19. Re3 Rc8 20. Qb3 Bg6 21. Rd1
Bf7 22. h3 Re8 23. Bb5 Rxe3 24. Bxd7 Rexc3 25. Bxc3 Nxd7 26. Qxb7 Rxc3 27. bxc3
Bb6+ 28. Kf1 Nf8 29. Re1 Bg6 30. Re7 Bd3+ 31. Ke1 g5 32. Rg7+ Kh8 33. Qf7 1-0

[Event "6eme Open d'Echecs de Saint-Chely d'Aub"]
[Site "Saint-Chely d'Aubrac (12)"]
[Date "????.??.??"]
[Round "1.10"]
[White "Della Ragione, Enzo"]
[Black "Hassler, Franck"]
[Result "0-1"]
[WhiteElo "1720"]
[BlackElo "2222"]
[PlyCount "64"]

1. c4 Nf6 2. Nc3 g6 3. g3 Bg7 4. Bg2 O-O 5. d4 d6 6. Nf3 Nbd7 7. Bf4 c6 8. e4
Qa5 9. Qd2 e5 10. dxe5 dxe5 11. Be3 Ng4 12. O-O Nxe3 13. Qxe3 Re8 14. Nh4 Nf8
15. f4 exf4 16. Qxf4 Be6 17. Nd5 cxd5 18. exd5 Bf5 19. Nxf5 gxf5 20. Qxf5 Qb6+
21. Kh1 Qg6 22. Qxg6 hxg6 23. d6 Rab8 24. Rab1 a5 25. a3 a4 26. b4 axb3 27.
Rxb3 b6 28. Bc6 Red8 29. Rd3 Nd7 30. Bxd7 Rxd7 31. Rd5 Rc8 32. Rb1 Rc6 0-1

[Event "6eme Open d'Echecs de Saint-Chely d'Aub"]
[Site "Saint-Chely d'Aubrac (12)"]
[Date "2006.07.15"]
[Round "1.11"]
[White "Furrer, Marc"]
[Black "Lepere, Philippe"]
[Result "1-0"]
[WhiteElo "2171"]
[BlackElo "1720"]
[PlyCount "45"]

1. e4 e5 2. Nc3 Bb4 3. Bc4 Bxc3 4. dxc3 Qh4 5. Qd5 Qe7 6. Nf3 d6 7. Bg5 c6 8.
Qd3 Nf6 9. O-O-O Kd7 10. Nxe5+ Qxe5 11. f4 Qe7 12. e5 d5 13. Rhe1 Qd8 14. exf6
gxf6 15. Qf5+ Kc7 16. Qxf6 Qxf6 17. Bxf6 Rg8 18. Re7+ Kb6 19. Bf1 Be6 20. b4
Nd7 21. Bd4+ Kc7 22. f5 Kd6 23. fxe6 1-0

[Event "6eme Open d'Echecs de Saint-Chely d'Aub"]
[Site "Saint-Chely d'Aubrac (12)"]
[Date "2006.07.15"]
[Round "1.12"]
[White "Weigel, Marie"]
[Black "Staub, Ludovic"]
[Result "0-1"]
[WhiteElo "1720"]
[BlackElo "2153"]
[PlyCount "40"]

1. d4 d5 2. g3 Nf6 3. Bg2 e6 4. Nf3 Be7 5. O-O O-O 6. c4 Nbd7 7. Nc3 dxc4 8.
Qc2 c6 9. Ne5 Nxe5 10. dxe5 Nd5 11. Rd1 Qc7 12. f4 b5 13. a4 b4 14. Ne4 Ba6 15.
Kh1 b3 16. Qd2 Bb4 17. Qd4 Rad8 18. Qf2 c3 19. bxc3 Nxc3 20. Rxd8 Rxd8 0-1

[Event "6eme Open d'Echecs de Saint-Chely d'Aub"]
[Site "Saint-Chely d'Aubrac (12)"]
[Date "2006.07.15"]
[Round "1.13"]
[White "Lagunes, Jean-Renaud"]
[Black "Saucey, Capucine"]
[Result "1-0"]
[WhiteElo "2151"]
[BlackElo "1660"]
[PlyCount "35"]

1. e4 e5 2. Nf3 Nc6 3. Bb5 a6 4. Ba4 Nf6 5. Qe2 b5 6. Bb3 Be7 7. a4 b4 8. a5 d6
9. Qc4 O-O 10. Qxc6 Bd7 11. Qc4 c5 12. Qe2 Rb8 13. d3 Bb5 14. Bg5 h6 15. Bxf6
Bxf6 16. Nbd2 Kh7 17. Bc4 Qc8 18. Bxb5 1-0

[Event "6eme Open d'Echecs de Saint-Chely d'Aub"]
[Site "Saint-Chely d'Aubrac (12)"]
[Date "2006.07.15"]
[Round "1.14"]
[White "Michel, Jerome"]
[Black "Humeau, Cyril"]
[Result "0-1"]
[WhiteElo "1640"]
[BlackElo "2095"]
[PlyCount "36"]

1. e4 Nf6 2. e5 Nd5 3. d4 d6 4. c4 Nb6 5. f4 g6 6. Nf3 Bg7 7. Be2 Bg4 8. O-O
O-O 9. Nc3 dxe5 10. fxe5 c5 11. h3 cxd4 12. hxg4 dxc3 13. bxc3 Nc6 14. Bf4 Qxd1
15. Raxd1 Rfd8 16. Nd4 Nxe5 17. Bxe5 Bxe5 18. c5 Na4 0-1

[Event "6eme Open d'Echecs de Saint-Chely d'Aub"]
[Site "Saint-Chely d'Aubrac (12)"]
[Date "2006.07.15"]
[Round "1.15"]
[White "Magnier, Patrice"]
[Black "Perrin, Yannick"]
[Result "0-1"]
[WhiteElo "2080"]
[BlackElo "1620"]
[PlyCount "80"]

1. e4 e5 2. Nf3 Nc6 3. Bb5 Bc5 4. c3 d6 5. b4 Bb6 6. a4 a6 7. Bxc6+ bxc6 8. a5
Ba7 9. d4 exd4 10. cxd4 Bg4 11. Be3 Nf6 12. Qc2 Qd7 13. Nbd2 Ng8 14. Qc4 Bb8
15. Rc1 Ne7 16. d5 cxd5 17. exd5 O-O 18. O-O Rc8 19. Nd4 Qe8 20. Rfe1 Bd7 21.
Bg5 f6 22. Bh4 Kh8 23. Rc3 Qf7 24. Ne6 c6 25. Qf4 Nxd5 26. Ng5 Qg8 27. Qf3 fxg5
28. Bxg5 Nxc3 29. Qxc3 Re8 30. Be7 Qf7 31. Qe3 Bc7 32. Nf3 Bd8 33. Rc1 Qxe7 34.
Qc3 c5 35. h4 cxb4 36. Qb3 Rc8 37. Rd1 Bxa5 38. Ng5 Be6 39. Qd3 Bg8 40. f4 Qe3+
0-1

[Event "6eme Open d'Echecs de Saint-Chely d'Aub"]
[Site "Saint-Chely d'Aubrac (12)"]
[Date "2006.07.15"]
[Round "1.16"]
[White "Desboeufs, Claude"]
[Black "Larand, Manuel"]
[Result "0-1"]
[WhiteElo "1580"]
[BlackElo "2078"]
[PlyCount "82"]

1. c4 g6 2. d4 Nf6 3. Nc3 Bg7 4. e4 d6 5. Be2 O-O 6. Be3 c6 7. Qd2 a6 8. h3 b5
9. a3 Nbd7 10. h4 Nb6 11. b3 bxc4 12. b4 h5 13. f3 Qc7 14. g4 e5 15. g5 Nfd7
16. f4 exd4 17. Bxd4 Bxd4 18. Qxd4 c5 19. Qd2 cxb4 20. axb4 Rd8 21. Rd1 Nf8 22.
Nd5 Nxd5 23. exd5 c3 24. Qd4 Bf5 25. Bd3 Re8+ 26. Ne2 Bg4 27. Rh2 Nd7 28. Rc1
Qb6 29. Qxb6 Nxb6 30. Rxc3 Nxd5 31. Rc4 Rab8 32. Rd4 Nxb4 33. Rxd6 Nxd3+ 34.
Rxd3 Rb2 35. Rd2 Rxd2 36. Kxd2 Rxe2+ 37. Rxe2 Bxe2 38. Kxe2 Kf8 39. Kd3 Ke7 40.
Kc4 Ke6 41. Kd4 Kf5 0-1

[Event "6eme Open d'Echecs de Saint-Chely d'Aub"]
[Site "Saint-Chely d'Aubrac (12)"]
[Date "2006.07.15"]
[Round "1.17"]
[White "Laine, Patrice"]
[Black "Casasnovas, Vincent"]
[Result "1/2-1/2"]
[WhiteElo "2060"]
[BlackElo "1570"]
[PlyCount "76"]

1. d4 d6 2. c4 e5 3. dxe5 dxe5 4. Qxd8+ Kxd8 5. Nf3 f6 6. Nc3 c6 7. g3 Be6 8.
b3 Kc7 9. Bg2 Be7 10. O-O Na6 11. Bb2 Rd8 12. Rfd1 Nh6 13. Nd2 Nf7 14. a3 Rd7
15. Rac1 Rhd8 16. Nde4 f5 17. Rxd7+ Rxd7 18. Nd5+ Bxd5 19. cxd5 fxe4 20. dxc6
bxc6 21. Bxe4 Nb8 22. Rc2 g6 23. h4 Bf6 24. h5 Ng5 25. Bg2 gxh5 26. f4 Nf7 27.
Be4 h6 28. Bg6 h4 29. gxh4 Bxh4 30. Bxf7 Rxf7 31. Bxe5+ Kb7 32. Bxb8 Kxb8 33.
Rxc6 Rxf4 34. Rxh6 Bf2+ 35. Kg2 Be3 36. Re6 Rf2+ 37. Kg3 Rxe2 38. Kf3 Ra2
1/2-1/2

[Event "6eme Open d'Echecs de Saint-Chely d'Aub"]
[Site "Saint-Chely d'Aubrac (12)"]
[Date "2006.07.15"]
[Round "1.18"]
[White "Tournier, Jean-Pascal"]
[Black "Labarthe, Arnaud"]
[Result "0-1"]
[WhiteElo "1560"]
[BlackElo "2044"]
[PlyCount "71"]

1. e4 d5 2. exd5 Nf6 3. Nc3 Nxd5 4. Bc4 Nb6 5. Bb3 Nc6 6. Qf3 e6 7. Nge2 Qh4 8.
Nb5 Bd6 9. Nxd6+ cxd6 10. c3 O-O 11. Qg3 Qe7 12. d4 Kh8 13. O-O e5 14. Rd1 Bf5
15. a3 Bg6 16. Ba2 Bc2 17. Rd2 Be4 18. b3 f5 19. f3 f4 20. Qf2 Bg6 21. Bb2 Bf7
22. c4 Rad8 23. d5 Nb8 24. Re1 Qg5 25. Nc3 Bg6 26. Ne4 Bxe4 27. Rxe4 N8d7 28.
Re1 Rc8 29. Bb1 Nc5 30. Bc2 Qh6 31. Rde2 a5 32. a4 Nbd7 33. Bc3 g6 34. Rd2 Kg7
35. h3 Nf6 36. Kf1 0-1

[Event "6eme Open d'Echecs de Saint-Chely d'Aub"]
[Site "Saint-Chely d'Aubrac (12)"]
[Date "2006.07.15"]
[Round "1.19"]
[White "Duffau, Pascal"]
[Black "Etienne, Adrien"]
[Result "1-0"]
[WhiteElo "2040"]
[BlackElo "1550"]
[PlyCount "89"]

1. Nf3 c5 2. c4 Nc6 3. d4 cxd4 4. Nxd4 Nf6 5. Nc3 e5 6. Nc2 Bc5 7. g3 O-O 8.
Bg2 d6 9. O-O Ne7 10. Bg5 Ne8 11. Nd5 f6 12. Bd2 Nxd5 13. Bxd5+ Kh8 14. Ne3 Nc7
15. Bg2 Rb8 16. b4 Bxe3 17. Bxe3 b6 18. Qd3 f5 19. Rfd1 Ne8 20. Rac1 Bb7 21. c5
Bxg2 22. Kxg2 bxc5 23. Bxc5 Rb7 24. a3 Rf6 25. Be3 h6 26. Rc6 Qd7 27. Qc4 Rc7
28. Rc1 Rxc6 29. Qxc6 Qxc6+ 30. Rxc6 Rf7 31. Rc8 Re7 32. Ra8 f4 33. Bxa7 Kh7
34. Bb6 Nf6 35. Rd8 Rd7 36. Rxd7 Nxd7 37. Bc7 fxg3 38. hxg3 d5 39. a4 e4 40. a5
Nf6 41. b5 d4 42. a6 Ng4 43. a7 e3 44. fxe3 dxe3 45. a8=Q 1-0

[Event "6eme Open d'Echecs de Saint-Chely d'Aub"]
[Site "Saint-Chely d'Aubrac (12)"]
[Date "2006.07.15"]
[Round "1.20"]
[White "Ruetsch, Johan"]
[Black "Desboeufs, Alexandre"]
[Result "0-1"]
[WhiteElo "1550"]
[BlackElo "2028"]
[PlyCount "64"]

1. e4 e6 2. d4 d5 3. exd5 exd5 4. c4 Nf6 5. Nc3 c6 6. h3 Bf5 7. Nf3 Bd6 8. Be2
O-O 9. O-O Nbd7 10. Re1 Re8 11. Bg5 h6 12. Bh4 Qc7 13. Bd3 Rxe1+ 14. Nxe1 Bxd3
15. Qxd3 dxc4 16. Qxc4 g5 17. Bxg5 hxg5 18. Nf3 Nb6 19. Qd3 Bf4 20. Ne2 Nbd5
21. g3 Bd6 22. Nxg5 Re8 23. Qf5 Rxe2 24. Nf3 Kf8 25. Kf1 Rxb2 26. Re1 Qd7 27.
Qd3 Qxh3+ 28. Kg1 Bxg3 29. Qa3+ Rb4 30. Qxa7 Bxf2+ 31. Kxf2 Rb2+ 32. Kg1 Qg2#
0-1

[Event "6eme Open d'Echecs de Saint-Chely d'Aub"]
[Site "Saint-Chely d'Aubrac (12)"]
[Date "2006.07.15"]
[Round "1.21"]
[White "Sauvan, Olivier"]
[Black "Schneider, Alec"]
[Result "1-0"]
[WhiteElo "2017"]
[BlackElo "1550"]
[PlyCount "53"]

1. d4 d5 2. c4 e6 3. Nc3 Nf6 4. Bg5 Bb4 5. e3 b6 6. Qa4+ Nc6 7. Qxc6+ Bd7 8.
Qb7 Qc8 9. Qxc8+ Rxc8 10. Bxf6 Bxc3+ 11. bxc3 gxf6 12. cxd5 exd5 13. Nf3 c5 14.
Kd2 O-O 15. Bd3 Rc7 16. h3 c4 17. Bc2 b5 18. g4 a5 19. g5 fxg5 20. Nxg5 h6 21.
Nh7 Rb8 22. Rag1+ Kh8 23. Nf6 b4 24. Rg3 Rd8 25. Rhg1 Rcc8 26. Rg7 a4 27. Rh7#
1-0

[Event "6eme Open d'Echecs de Saint-Chely d'Aub"]
[Site "Saint-Chely d'Aubrac (12)"]
[Date "2006.07.15"]
[Round "1.22"]
[White "Trzesniower, Jacques"]
[Black "Nass, Emile"]
[Result "0-1"]
[WhiteElo "1550"]
[BlackElo "2015"]
[PlyCount "64"]

1. Nf3 Nf6 2. g3 g6 3. Bg2 Bg7 4. O-O O-O 5. d3 d5 6. Nbd2 c6 7. e4 Qc7 8. Qe2
a5 9. c3 Re8 10. Rd1 e5 11. Rb1 Na6 12. Nf1 dxe4 13. dxe4 Nc5 14. N1d2 Ncxe4
15. Nxe4 Nxe4 16. Ng5 Nxg5 17. Bxg5 Be6 18. b3 a4 19. c4 Bf5 20. Be4 axb3 21.
axb3 Bxe4 22. Qxe4 h6 23. Be3 Red8 24. Bd2 Ra2 25. Bc3 Rxd1+ 26. Rxd1 Qb6 27.
Rd2 Rxd2 28. Bxd2 Qxb3 29. Kg2 f5 30. Qe2 b5 31. cxb5 Qd5+ 32. Kg1 cxb5 0-1

[Event "6eme Open d'Echecs de Saint-Chely d'Aub"]
[Site "Saint-Chely d'Aubrac (12)"]
[Date "2006.07.15"]
[Round "1.23"]
[White "Ritzenthaler, Stephane"]
[Black "Viennot, Kevin"]
[Result "1-0"]
[WhiteElo "2007"]
[BlackElo "1540"]
[PlyCount "29"]

1. e4 c5 2. Nc3 Nc6 3. Bb5 e6 4. Bxc6 dxc6 5. f4 g6 6. Nf3 Bg7 7. O-O Ne7 8. d3
O-O 9. Qe1 f5 10. Be3 b6 11. Qh4 Ba6 12. Ng5 Rf7 13. Qxh7+ Kf8 14. Nxe6+ Ke8
15. Nxd8 1-0

[Event "6eme Open d'Echecs de Saint-Chely d'Aub"]
[Site "Saint-Chely d'Aubrac (12)"]
[Date "????.??.??"]
[Round "1.24"]
[White "Carabetta, Gaetan"]
[Black "Boulier, Rene"]
[Result "1/2-1/2"]
[WhiteElo "1520"]
[BlackElo "1993"]
[PlyCount "127"]

1. d4 Nf6 2. Nf3 b6 3. Bf4 Bb7 4. e3 Nh5 5. Bg5 h6 6. Bh4 g5 7. Bg3 d6 8. c3
Nf6 9. Nbd2 Bg7 10. Bd3 Nbd7 11. Qc2 e6 12. Ne4 Nd5 13. O-O-O Qe7 14. Nfd2
O-O-O 15. Rde1 Kb8 16. Nc4 e5 17. Ned2 Rhf8 18. dxe5 dxe5 19. e4 Nf4 20. Bxf4
exf4 21. f3 Nc5 22. Be2 Rd7 23. Rd1 Rfd8 24. Nb3 Nxb3+ 25. Qxb3 f5 26. Rxd7
Rxd7 27. Nd2 fxe4 28. fxe4 a5 29. Bf3 Qc5 30. Qc4 Qe3 31. Qe2 Qc5 32. Qc4 Qe7
33. Re1 Ka7 34. Rh1 Ba6 35. Qc6 Rd6 36. Qa4 Qd8 37. Rd1 c6 38. Nb1 Bb5 39. Rxd6
Qxd6 40. Qd1 Qe7 41. Na3 Ba6 42. Nc2 c5 43. Qd5 Bb7 44. Qc4 Qd8 45. Qe2 Be5 46.
Qd2 Qc8 47. h3 h5 48. Bxh5 Bxe4 49. Qe2 Qc6 50. Bf3 Bxf3 51. gxf3 Qf6 52. Qe4
Qe7 53. Ne1 Qg7 54. Nd3 Bf6 55. Nf2 Bxc3 56. bxc3 Qxc3+ 57. Kb1 c4 58. Qe2 a4
59. Ne4 Qb4+ 60. Kc1 a3 61. Nxg5 Qc3+ 62. Kb1 Qb4+ 63. Ka1 Qc3+ 64. Kb1 1/2-1/2

[Event "6eme Open d'Echecs de Saint-Chely d'Aub"]
[Site "Saint-Chely d'Aubrac (12)"]
[Date "2006.07.15"]
[Round "1.25"]
[White "Tassetti, Matthieu"]
[Black "Gazel, Bruno"]
[Result "1-0"]
[WhiteElo "1979"]
[BlackElo "1520"]
[PlyCount "55"]

1. Nf3 Nf6 2. g3 d5 3. Bg2 g6 4. O-O Bg7 5. d3 O-O 6. Nbd2 Nc6 7. c3 Re8 8. e4
dxe4 9. dxe4 e5 10. Qe2 Be6 11. Rd1 Qe7 12. Nf1 Rad8 13. Bg5 h6 14. Bxf6 Bxf6
15. Ne3 a6 16. Nd5 Bxd5 17. exd5 Nb8 18. Nd2 Bg7 19. Nc4 b5 20. Ne3 f5 21. a4
f4 22. Nf1 fxg3 23. Nxg3 b4 24. Qc4 Kh7 25. cxb4 Qd6 26. Ne4 Qe7 27. Rac1 Rd7
28. Bh3 1-0

[Event "6eme Open d'Echecs de Saint-Chely d'Aub"]
[Site "Saint-Chely d'Aubrac (12)"]
[Date "2006.07.15"]
[Round "1.26"]
[White "Viennot, Dylan"]
[Black "Jouet-Pastre, Alban"]
[Result "0-1"]
[WhiteElo "1510"]
[BlackElo "1972"]
[PlyCount "80"]

1. e4 c5 2. Nf3 Nc6 3. d4 cxd4 4. Nxd4 e5 5. Nf3 Nf6 6. Bd3 d5 7. exd5 Qxd5 8.
O-O Bb4 9. Re1 O-O 10. c3 e4 11. Bxe4 Qxd1 12. Rxd1 Nxe4 13. cxb4 Nxb4 14. Nbd2
Rd8 15. b3 Nc2 16. Rb1 Nc3 17. Bb2 Nxb1 18. Rxb1 Nb4 19. a3 Bf5 20. Rd1 Nd3 21.
Bc3 Rac8 22. Bd4 a6 23. Bb6 Rd6 24. Nc4 Rxc4 25. bxc4 Rxb6 26. c5 Rb3 27. Nd4
Rxa3 28. Nxf5 g6 29. Nd6 Nxc5 30. h3 b5 31. Rc1 Ne6 32. Rc8+ Kg7 33. Ne8+ Kh6
34. Nf6 Kg7 35. Ne8+ Kf8 36. Nf6+ Ke7 37. Nxh7 b4 38. Kf1 b3 39. Ke2 Ra2+ 40.
Ke3 a5 0-1

[Event "6eme Open d'Echecs de Saint-Chely d'Aub"]
[Site "Saint-Chely d'Aubrac (12)"]
[Date "2006.07.15"]
[Round "1.27"]
[White "Rabier, Jean"]
[Black "Schneider, Martin"]
[Result "1-0"]
[WhiteElo "1972"]
[BlackElo "1500"]
[PlyCount "71"]

1. e4 e5 2. Nf3 d6 3. d4 exd4 4. Nxd4 Be7 5. Bd3 Nf6 6. c4 c5 7. Nc2 Nc6 8. O-O
O-O 9. Nc3 Bg4 10. Be2 Bxe2 11. Qxe2 Qd7 12. Rd1 Qg4 13. f3 Qe6 14. b3 b6 15.
Bf4 Nh5 16. Be3 Qe5 17. Nd5 Nf6 18. Bf4 Qe6 19. Nc7 Qd7 20. Nxa8 Rxa8 21. Rd2
Nh5 22. Be3 Bf6 23. Rad1 Be7 24. g4 Nf6 25. Bf4 Rd8 26. Qg2 h6 27. Qg3 Ne8 28.
g5 hxg5 29. Bxg5 Bxg5 30. Qxg5 Qc7 31. Rg2 f6 32. Qg3 Rd7 33. Ne3 Qb7 34. Nf5
Nb4 35. Qg6 Rf7 36. Nh6+ 1-0

[Event "6eme Open d'Echecs de Saint-Chely d'Aub"]
[Site "Saint-Chely d'Aubrac (12)"]
[Date "2006.07.15"]
[Round "1.28"]
[White "Causse, Michel"]
[Black "Joli, Laurent"]
[Result "0-1"]
[WhiteElo "1499"]
[BlackElo "1944"]
[PlyCount "80"]

1. d4 e6 2. e4 d5 3. e5 c5 4. c3 cxd4 5. cxd4 Nc6 6. Nf3 Bb4+ 7. Nc3 Nge7 8.
Bg5 Qa5 9. Qc2 Nf5 10. Be3 Bd7 11. Be2 Rc8 12. O-O a6 13. a3 Be7 14. Qd2 f6 15.
Rfc1 fxe5 16. b4 Qd8 17. dxe5 Nxe3 18. fxe3 Bg5 19. Nd1 O-O 20. b5 axb5 21.
Bxb5 Bh6 22. Bxc6 Bxc6 23. Qd4 Qe7 24. Ra2 Bb5 25. Rac2 Rxc2 26. Rxc2 Qxa3 27.
Qb2 Bxe3+ 28. Nxe3 Qxe3+ 29. Rf2 Bc6 30. Qd4 Rxf3 31. Qxe3 Rxe3 32. Kf1 Rxe5
33. Ra2 Kf7 34. Kf2 Kf6 35. Ra3 Rf5+ 36. Kg1 e5 37. g4 Rf4 38. h3 e4 39. Kg2
Kg5 40. Kg3 Rf3+ 0-1

[Event "6eme Open d'Echecs de Saint-Chely d'Aub"]
[Site "Saint-Chely d'Aubrac (12)"]
[Date "2006.07.15"]
[Round "1.29"]
[White "Gouillart, Sylvain"]
[Black "Messinger, Karl"]
[Result "1-0"]
[WhiteElo "1888"]
[BlackElo "1480"]
[PlyCount "63"]

1. c4 e5 2. Nc3 Nf6 3. Nf3 Nc6 4. d3 d5 5. cxd5 Nxd5 6. g3 Be6 7. Bg2 Be7 8.
O-O O-O 9. Qa4 Nb6 10. Qd1 Qd7 11. Re1 Bh3 12. Bh1 f5 13. Bg5 h6 14. Bxe7 Qxe7
15. Qb3+ Kh8 16. Nd5 Nxd5 17. Qxd5 Qd6 18. Nh4 Rf6 19. Rac1 Qxd5 20. Bxd5 g5
21. Nf3 g4 22. Bxc6 gxf3 23. Bxb7 Rb8 24. Bxf3 Rxb2 25. Rxc7 Rxa2 26. Re7 a5
27. Rxe5 a4 28. Rc1 a3 29. Rc8+ Kg7 30. Re7+ Rf7 31. Rxf7+ Kxf7 32. Bd5+ 1-0

[Event "6eme Open d'Echecs de Saint-Chely d'Aub"]
[Site "Saint-Chely d'Aubrac (12)"]
[Date "2006.07.15"]
[Round "1.30"]
[White "Manser, Luca"]
[Black "Boulet, Stephane"]
[Result "0-1"]
[WhiteElo "1460"]
[BlackElo "1886"]
[PlyCount "40"]

1. e4 e5 2. Nf3 Nf6 3. Nc3 Bb4 4. Bc4 Nxe4 5. Nxe4 d5 6. Bxd5 Qxd5 7. Qe2 Nc6
8. c3 Be7 9. O-O Bg4 10. h3 Bh5 11. Qe3 f5 12. c4 Qxe4 13. Qb3 O-O-O 14. Re1
Qd3 15. Nxe5 Nxe5 16. Rxe5 Rhe8 17. Qa4 Bd6 18. Rxe8 Rxe8 19. g3 Re1+ 20. Kg2
Qf1+ 0-1

[Event "6eme Open d'Echecs de Saint-Chely d'Aub"]
[Site "Saint-Chely d'Aubrac (12)"]
[Date "2006.07.15"]
[Round "1.32"]
[White "Saucey, Milena"]
[Black "Lengert, Martin"]
[Result "0-1"]
[WhiteElo "1390"]
[BlackElo "1871"]
[PlyCount "38"]

1. e4 e6 2. Nf3 d5 3. e5 c5 4. d4 Nc6 5. dxc5 Bxc5 6. Bf4 Qb6 7. Be3 Bxe3 8.
fxe3 Qxe3+ 9. Qe2 Qc1+ 10. Qd1 Qxb2 11. Nbd2 Nxe5 12. Nxe5 Qxe5+ 13. Kf2 Nf6
14. c4 Ng4+ 15. Kf3 Qe3+ 16. Kxg4 e5+ 17. Kh4 Qf4+ 18. g4 h5 19. Bh3 g5# 0-1

[Event "6eme Open d'Echecs de Saint-Chely d'Aub"]
[Site "Saint-Chely d'Aubrac (12)"]
[Date "2006.07.15"]
[Round "1.33"]
[White "Lagunes, Matthieu"]
[Black "Carrie, Emilien"]
[Result "1-0"]
[WhiteElo "1860"]
[BlackElo "1199"]
[PlyCount "45"]

1. e4 e5 2. Nf3 Bc5 3. Nxe5 d6 4. Nf3 Nf6 5. d4 Bb6 6. Bd3 O-O 7. O-O Nc6 8. c3
Bg4 9. Bg5 Na5 10. Nbd2 c5 11. Qb1 Nc6 12. e5 Ne8 13. Bxd8 Rxd8 14. Bxh7+ Kh8
15. Bf5 Ba5 16. Bxg4 b5 17. Qf5 Nc7 18. Qh5+ Kg8 19. Ng5 Rfe8 20. Qxf7+ Kh8 21.
Rfe1 b4 22. Re3 Ne6 23. Rh3# 1-0

[Event "6eme Open d'Echecs de Saint-Chely d'Aub"]
[Site "Saint-Chely d'Aubrac (12)"]
[Date "2006.07.15"]
[Round "1.34"]
[White "Vernet, Pierrick"]
[Black "De Biasi, Robert"]
[Result "0-1"]
[WhiteElo "1099"]
[BlackElo "1818"]
[PlyCount "56"]

1. e4 e5 2. Nf3 Nc6 3. Nc3 Nf6 4. Bc4 Bc5 5. O-O O-O 6. d3 d6 7. Bg5 Bg4 8. Qd2
Bxf3 9. gxf3 Nd4 10. Qe3 Nxc2 11. Qd2 Nxa1 12. Rxa1 c6 13. Ne2 Kh8 14. Qe1 d5
15. Qf1 dxc4 16. dxc4 Be7 17. Rd1 Qc7 18. Ng3 Ng8 19. Nh5 Bxg5 20. Rd3 Rad8 21.
Rc3 Rd6 22. Rc1 Bxc1 23. Kg2 Bf4 24. Kh3 Rh6 25. Kh4 Qe7+ 26. Kh3 Rxh5+ 27. Kg2
Qg5+ 28. Kh1 Rxh2# 0-1